书目信息 |
| 题名: |
木头里的东方
|
|
| 作者: | 石映照 著 | |
| 分册: | ||
| 出版信息: | 北京 新世界出版社 2006 |
|
| 页数: | 261页 | |
| 开本: | 23cm | |
| 丛书名: | 东西文丛 | |
| 单 册: | ||
| 中图分类: | K107.8 | |
| 科图分类: | ||
| 主题词: | 木器(考古)--文化--研究--中国 , 木器(考古) , 世界史:通史 | |
| 电子资源: | ||
| ISBN: | 7-80187-857-4 | |
| 000 | 00884oam2 2200277 450 | |
| 001 | 1250949291 | |
| 005 | 20121007141015.00 | |
| 010 | @a7-80187-857-4@dCNY45.00 | |
| 100 | @a20060210d2006 em y0chiy50 ea | |
| 101 | 0 | @achi |
| 102 | @aCN@b110000 | |
| 105 | @aa z 000yy | |
| 200 | 1 | @a木头里的东方@Amu tou li de dong fang@dThe orient in the wood@f石映照著@zeng |
| 210 | @a北京@c新世界出版社@d2006 | |
| 215 | @a261页@c图@d23cm | |
| 225 | 2 | @a东西文丛 |
| 330 | @a本书内容包括:亲爱的木头、神秘的木匠、传统建筑、宫殿巡礼、回忆四合院、木头里的中庸、以斗拱为例、东方家具等。 | |
| 461 | 0 | @12001 @a东西文丛 |
| 510 | 1 | @aOrient in the wood@zeng |
| 606 | 0 | @a木器(考古)@x文化@x研究@y中国 |
| 606 | 0 | @a木器(考古) |
| 606 | 0 | @a世界史:通史 |
| 690 | @aK107.8@v4 | |
| 701 | 0 | @a石映照@Ashi ying zhao@f(1968~)@4著 |
| 801 | 0 | @aCN@bNLC@c20101222 |
| 905 | @a10447@dK107.8@eJY49 | |
| 木头里的东方=The orient in the wood/石映照著.-北京:新世界出版社,2006 |
| 261页:图;23cm.-(东西文丛) |
| ISBN 7-80187-857-4:CNY45.00 |
| 本书内容包括:亲爱的木头、神秘的木匠、传统建筑、宫殿巡礼、回忆四合院、木头里的中庸、以斗拱为例、东方家具等。 |
| ● |
| 相关链接 |
|
|
|
|
正题名:木头里的东方
索取号:K107.8/JY49
 
预约/预借
| 序号 | 登录号 | 条形码 | 馆藏地/架位号 | 状态 | 备注 |
| 1 | 7831219 | 278312194 | 学院路分馆/ [索取号:K107.8/JY49] | 在馆 | |
| 2 | 7831220 | 278312201 | 学院路分馆/ [索取号:K107.8/JY49] | 在馆 |